¿Guerras en defensa de los derechos humanos? problemas de legitimidad en las intervenciones humanitarias /

Detalles Bibliográficos
Autor principal: Arcos Ramirez, Federico
Formato: Desconocido
Lenguaje:español
Publicado: Madrid : Dykinson, 2002
Materias:
Acceso en línea:Acceso restringido

MARC

LEADER 00000ny a22000003n 4500
005 2011062707467.0
006 m u
007 cr cn|||||||||
008 200508r2002 sp |||||s|||||||||||spa d
020 |a 9788481559347 
035 |a 274 
040 |a FlNmELB  |c FlNmELB  |d vLex 
050 1 4 |a JZ6369  |b A675 2002eb 
050 1 4 |a JZ6369  |b A675 2002eb 
080 |a 241.231.14 
090 |c 1121  |d 1121 
100 1 |a Arcos Ramirez, Federico 
245 1 0 |a ¿Guerras en defensa de los derechos humanos?  |h [Recurso electrn̤ico]  |b problemas de legitimidad en las intervenciones humanitarias /  |c Federico Arcos Ramirez 
256 |a Servicio en ln̕ea 
260 |a Madrid :  |b Dykinson,  |c 2002 
300 |a [9]-117 p 
506 1 |a Contenido solo disponible en los productos indicados  |d vLex Global  |d vLex Global (Academic Edition, excluding Law Schools)  |d vLex Global (U.S. Academic Edition, Law Schools)  |d vLex Global (U.S. Academic Edition, excluding Law Schools)  |d vLex Global (Academic Edition, Law Schools) 
650 0 7 |a Derechos humanos  |2 Tesauro vLex 
650 0 7 |2 Tesauro vLex  |a Civil 
650 0 7 |2 Tesauro vLex  |a Derecho internacional 
740 0 |a vLex Libros (Servicios en ln̕ea) 
856 4 0 |z Acceso restringido  |u http://vlex.com/source/274 
942 |c BOOK